000 01149cab a2200313 4500
001 ABS52635
008 090401t1995 xxu||||| |||| 00| 0 eng d
035 _a(Sirsi) u87706
041 _aeng
245 _aCruising on the automated highway
260 _c1995
350 _a0
490 _aSurveyor
_v182(5329) 2 March 1995, 18-20(3)
520 _aAn interview with Fotis Karamitsos, head of the EU transport telematics unit, in which the intelligent driving culture of the near future is discussed. Technology will allow advanced cruise control, vehicle-to-vehicle communications and efficient traffic management with cellular radio.
650 _aEUROPE
650 _aFUTURE
650 _aROAD TRAINS
650 _aPROPERTY-INFRASTRUCTURE-TRANSPORT INFRASTRUCTURE-ROAD INFRASTRUCTURE
650 _aSATELLITE NAVIGATION
650 _aSMART CARDS
650 _aTOLLS
650 _aTRAFFIC CONTROL SYSTEMS
650 _aTRAFFIC MANAGEMENT
650 _aTRANSPORT TELEMATICS
690 _aMANAGEMENT-BUSINESS MANAGEMENT-INFORMATION MANAGEMENT
690 _aTRANSPORT AND COMMUNICATIONS
942 _n0
948 _c04/03/1997
999 _c55338
_d55338